000 00661cam a22002173a 4500
001 45288
003 PGUSA
005 20140828084038.0
008 140401s2014||||xxu|||||s|||||000 | eng d
040 _aPGUSA
_beng
042 _adc
100 1 _aTennyson, Hallam, Baron,
_d1852-1928
245 1 0 _aJack and The Bean-Stalk :
_bEnglish Hexameters
_h[electronic resource] /
_cHallam, Baron Tennyson
260 _bProject Gutenberg,
_c2014
506 _aPublic domain in the USA.
516 _aElectronic text
700 1 _aCaldecott, Randolph,
_d1846-1886
830 0 _aProject Gutenberg
_v45288
856 4 0 _uhttp://www.gutenberg.org/ebooks/45288
942 _cEB
999 _c274539
_d274539